Kinh tế thế giới đương đại: Những vấn đề nóng bỏng
Phân tích tình hình kinh tế thế giới; sự tăng trưởng, thị trường, cạnh tranh, hiệp định GATT, viện trợ nước ngoài, vấn đề tư nhân hoá
Wedi'i Gadw mewn:
| Prif Awdur: | |
|---|---|
| Fformat: | Llyfr |
| Iaith: | Vietnamese |
| Cyhoeddwyd: |
H.
Văn hoá thông tin
1995
|
| Pynciau: | |
| Tagiau: |
Ychwanegu Tag
Dim Tagiau, Byddwch y cyntaf i dagio'r cofnod hwn!
|
| Thư viện lưu trữ: | Mạng thư viện Đại học Đà Nẵng |
|---|
| LEADER | 01313nam a2200361 4500 | ||
|---|---|---|---|
| 001 | 000007381 | ||
| 003 | 3542 | ||
| 005 | 20120522090549.0 | ||
| 008 | 110929s1995 viesd | ||
| 020 | |c 13000đ | ||
| 041 | 0 | |a vie | |
| 082 | |a 337 |b NG-P | ||
| 100 | 0 | |a Nguyễn Tấn Phong | |
| 245 | 0 | |a Kinh tế thế giới đương đại: Những vấn đề nóng bỏng |c Nguyễn Tấn Phong | |
| 260 | |a H. |b Văn hoá thông tin |c 1995 | ||
| 300 | |a 196 tr |c 19 cm | ||
| 520 | |a Phân tích tình hình kinh tế thế giới; sự tăng trưởng, thị trường, cạnh tranh, hiệp định GATT, viện trợ nước ngoài, vấn đề tư nhân hoá | ||
| 653 | |a phân tích kinh tế | ||
| 653 | |a thế giới | ||
| 653 | |a GATT | ||
| 653 | |a kinh tế | ||
| 700 | |a Nguyễn Tấn Phong | ||
| 910 | |a Nguyễn Thị Kim Oanh |d 29/09/2011 | ||
| OWN | |a LSP | ||
| AVA | |a UDN50 |b LSP |d 337 NG-P |e available |t Error 5001 Not defined in file expand_doc_bib_avail. |f 3 |g 0 |h N |i 0 |k 1 | ||
| 999 | |a From the UDN01 | ||
| AVA | |a UDN50 |b LSP |d 337 NG-P |e available |t Error 5001 Not defined in file expand_doc_bib_avail. |f 3 |g 0 |h N |i 0 |k 1 | ||
| TYP | |a Monograph | ||
| TYP | |a Printed language | ||
| 980 | |a Mạng thư viện Đại học Đà Nẵng | ||